| 000 | 00721nam a22002537a 4500 | ||
|---|---|---|---|
| 003 | UA-OsUOA | ||
| 001 | 52796 | ||
| 007 | ta | ||
| 008 | 20080304b un ||||| |||| 00| 0 ukr d | ||
| 100 | _aБезугла В. О. | ||
| 700 | _aПостіл І. І. | ||
| 090 |
_a330.101.542(075.8) _bБ39 |
||
| 942 | _cBK | ||
| 040 |
_aUA-OsUOA _bukr _cUA-OsUOA _dUA-OsUOA |
||
| 245 |
_aМікроекономіка _bНавчальний посібник |
||
| 300 | _a288 с. | ||
| 955 | _a2 | ||
| 041 | _aukr | ||
| 080 | _a330.101.542(075.8) | ||
| 020 | _a978-966-364-530-8 | ||
| 260 |
_aК. _bЦентр учбової літератури _c2007 |
||
| 650 | 7 |
_a330 Економіка взагалі _2UDC |
|
| 999 |
_c338886 _d338886 |
||